| 000 | 00587nam a22001817a 4500 | ||
|---|---|---|---|
| 003 | 0 | ||
| 005 | 20230926094315.0 | ||
| 008 | 230926b xxu||||| |||| 00| 0 eng d | ||
| 020 | _a978-1-78950-938-0 | ||
| 050 |
_aPR 4621 _b.D69 2019 |
||
| 100 | _aDoyle, Arthur Conan | ||
| 245 |
_aSherlock Holmes: a gripping casebook of stories _c Arthur Conan Doyle |
||
| 260 |
_aLondon _bArcturus Publishing Limited _cc2019. |
||
| 300 |
_a384 pages ; _c24 cm. |
||
| 500 | _aPrivate investigators -- England -- Fiction. | ||
| 650 | _aPrivate investigators -- England -- Fiction. | ||
| 942 |
_2lcc _cBK |
||
| 999 |
_c365405 _d365405 |
||